000 00337nam a2200145Ia 4500
008 230718s9999 xx 000 0 und d
041 _aEng.
082 _a346
_bSMI-L
100 _aSmith , Stephen A.
245 0 _aLaw of Contract
260 _aPakistan
_bOxfor university press
_c2005
300 _a441
650 _aLaw
999 _c29662
_d29662